000 00981nam a2200313Ia 4500
001 Z_2381
003 CHAP
008 220113s1994 xx 000 0 und d
010 _a165438
040 _cCHAP
090 _aTesis N 895
100 _aNavarro Ramírez, Juan
_980589
245 _aPredicción de valores genéticos para crecimiento predestete en ganado pardo suizo en trópico húmedo /
_cpor Juan Navarro Ramírez
260 _aChapingo, Méx. :
_bEl autor,
_c1994
300 _a79 h. : gráfs.
502 _aTesis (Ing. Agr. Esp. en Zootecnia) -- UACH. Departamento de Zootecnia
650 _aDestete
_932201
650 _aGanado Pardo Suizo
650 _aGanado vacuno
_xEfecto del medio ambiente
_945459
650 _aGanado vacuno
_xGenética
_945470
650 _aGanado vacuno
_xPeso
_945504
650 _aGanado vacuno
_xVeracruz
_9137839
901 _aTESIS N 895
902 _aM
910 _a1994
942 _c2
942 _c2
999 _c165438
_d165438